Η ορθοδοξία
Αποθηκεύτηκε σε:
| Κύριος συγγραφέας: | |
|---|---|
| Άλλοι συγγραφείς: | |
| Μορφή: | Βιβλίο |
| Γλώσσα: | Greek French |
| Δημοσίευση: |
[Θεσσαλονίκη] :
Ρηγόπουλος,
[1972]
|
| Σειρά: | Βιβλιοθήκη ορθοδόξου μαρτυρίας
|
| Θέματα: | |
| Ετικέτες: |
Προσθήκη ετικέτας
Δεν υπάρχουν, Καταχωρήστε ετικέτα πρώτοι!
|
MARC
| LEADER | 00000cam a2200000 i 4500 | ||
|---|---|---|---|
| 001 | 1/94284 | ||
| 008 | 080919s1972 gr | ||| |||| ||gre|| | ||
| 035 | |l 10100324 | ||
| 040 | |a GR-MyUa |b gre |e AACR2 | ||
| 041 | 1 | |a gre |h fre | |
| 082 | 7 | |a 281.9 |2 (22) | |
| 100 | 1 | |a Evdokimov, Paul, |d 1901-1970. | |
| 245 | 1 | 2 | |a Η ορθοδοξία / |c Παύλος Ευδοκιμόφ ; μεταφραστής Αγαμέμνων Τ. Μουρτζόπουλος. |
| 260 | |a [Θεσσαλονίκη] : |b Ρηγόπουλος, |c [1972] | ||
| 300 | |a 475 σ. ; |c 23 εκ. | ||
| 490 | 1 | |a (Βιβλιοθήκη Ορθοδόξου Μαρτυρίας) | |
| 500 | |a Τίτλος πρωτοτύπου: L'orthodoxie | ||
| 610 | 2 | 0 | |a Orthodox Eastern Church |x Doctrines. |
| 700 | 1 | |a Μουρτζόπουλος, Αγαμέμνων Τιμ., |d 1922-2005, |e trl | |
| 830 | 0 | |a Βιβλιοθήκη ορθοδόξου μαρτυρίας | |
| 852 | |a INST |b RHODES |c AKA |e 20080919 |h 281.9 EVD |p 005400028330 |q 005400028330 |t BK |y 0 | ||
| 901 | |a BIBL4-2008-3 | ||
| 970 | |a ΚΟΖΑ |b ΜΑΡΙΑ |z 2008/09/19 | ||